000 00731nam a22002177a 4500
005 20250908143502.0
010 _aB-769093-109 ENG-146794 BACEN25
020 _a9789360452506
_c499.00
035 _aB-769093-109
035 _aEN-130326
037 _bAakar Books
037 _bDBAD
_aDPL
082 _aN
100 _aKayasth,Rakesh
_984910
245 _a1990, Aramganj /
_cby Rakesh Kayasth
260 _aChennai
_bEKA
_c2024
270 _a269/2B,Maduravoyal
_bChennai
_e600095
300 _a264p.
_c20cm(pbk)
942 _2ddc
_cEN
_hN
_mKAY
999 _c209442
_d209442